Ngôn ngữ lập trình C++
שמור ב:
| מחבר ראשי: | |
|---|---|
| פורמט: | ספר |
| שפה: | Undetermined |
| יצא לאור: |
Hà Nội
GTVT
1996
|
| נושאים: | |
| תגים: |
הוספת תג
אין תגיות, היה/י הראשונ/ה לתייג את הרשומה!
|
| Thư viện lưu trữ: | Trung tâm Học liệu Trường Đại học Cần Thơ |
|---|
| LEADER | 00527nam a2200193Ia 4500 | ||
|---|---|---|---|
| 001 | CTU_27523 | ||
| 008 | 210402s9999 xx 000 0 und d | ||
| 020 | |b 51.500đ | ||
| 082 | |a 005.3 | ||
| 082 | |b V308 | ||
| 100 | |a Ngô Trung Việt | ||
| 245 | 0 | |a Ngôn ngữ lập trình C++ | |
| 245 | 0 | |c Ngô Trung Việt | |
| 260 | |a Hà Nội | ||
| 260 | |b GTVT | ||
| 260 | |c 1996 | ||
| 650 | |a c++ ( computer program language ) | ||
| 904 | |i Minh, 981225 | ||
| 980 | |a Trung tâm Học liệu Trường Đại học Cần Thơ | ||